000 00911cam a22001934a 4500
005 20250605164226.0
008 250528s ||||||||||||||||||||||||d
035 _a20857
020 _a9789606829680
040 _aGR-AtMCL
_bgre
_dGR-AtMCL
_eAACR2
245 1 _aΘεοί Ήρωες & Τέρατα / Οι Περιπέτειες του Τίμου στην Ελληνική Μυθολογία
260 _bPolaris,
_c2016
300 _a176
520 _aΑυτό που συνέβη στον Τιμόλαο Μπραίτ, στις πολυπόθητες διακοπές του στην Ελλάδα, δεν το είχε φανταστεί ούτε στα πιο τρελά του όνειρα. Το πνεύμα του Δία παρουσιάζεται ξαφνικά στο τάμπλετ του.
700 1 _aΠρωτογέρου Ασπασία
_96832
942 _cBK
999 _c5938
_d5938